000 00431nam a2200157Ia 4500
008 240729s9999 xx 000 0 und d
022 _a2634-145X
245 4 _aThe Parish Review
260 _aUnited Kingdom
260 _bOpen Library of Humanities
650 _a English literature
650 _aLanguage and Literature
856 _uhttps://doaj.org/toc/f8d31b98195c4fdd9d7481fc3443281e
942 _2ddc
942 _cDOAJEJ
999 _c74721
_d74721
945 _a1
_bMadushi Gamage
_c1
_dMadushi Gamage